000
00269nam a2200121Ia 4500
008
190216s9999||||xx |||||||||||||| ||und||
100
_a
Ittiavirah
245
0
_a
Practical Physics
260
_b
Resmi Printer
_c
1992
300
_a
378p
650
_a
Physics
942
_c
BK
999
_c
33241
_d
33241